| 000 | 02603nam a2200277 4500 | ||
|---|---|---|---|
| 001 | ESSALUD | ||
| 005 | 20260701103721.0 | ||
| 007 | ta | ||
| 008 | t pe ||||| |||| 00| 0 spa d | ||
| 040 | _aBMG | ||
| 041 | _aspa | ||
| 100 |
_aBarrera Torres, César Alfredo _eAutor _952925 |
||
| 245 | _aLa oralidad reforzada y el Expediente Judicial Electrónico | ||
| 246 | _aEnhanced orality and the Electronic Judicial Record | ||
| 300 | _apáginas 22-43 | ||
| 520 | _aEl autor refiere que el nuevo modelo de la oralidad reforzada en el ámbito civil no solo pretende que las partes lleven a cabo las actuaciones mediante el uso de la palabra hablada, sino que exige una profunda reconfiguración del rol del juzgador. Así, considera que la oralidad reforzada se asienta en la figura de un juez director y activo, que asume, entre otras cosas, la conducción personal e inmediata de la actividad probatoria. Igualmente, afirma que una verdadera cultura de la oralidad se consolidará cuando el sistema judicial adopte un modelo híbrido y flexible, donde la virtualidad se use estratégicamente para actos procesales de menor intensidad probatoria (audiencias preliminares o de conciliación) y la presencialidad o la infraestructura híbrida se reserve para la práctica de pruebas cruciales. | ||
| 520 | _aThe authar asserts that the new model of enhanced arality in civil proceedings does not mere/y intend far porties ta conduct proceedings through the spoken word; rather, it demands a profound reconfiguration of the judicial role. Consequently, the author posits thot enhanced orality is grounded in the fig ure of a praactive presiding j udge who assumes, among other responsibilities, the personal and immediate conduct of the evidentiary phase. Furthermore, the author maintains that a true culture of orality with be consolidated only when the j udicial system adopts a hybrid and flexible model. In this model, virtual proceedings are used strategically far pracedura acts of lower evidentiary intensity (such as preliminary or settlement hearings), while in -person attendance or hybrid infrastructure is reserved far the taking of criticalevidence. | ||
| 650 |
_aORALIDAD CIVIL _952926 |
||
| 650 |
_aPRINCIPIO DE INMEDIATEZ _952927 |
||
| 650 |
_aROL ACTIVO DEL JUEZ _952928 |
||
| 650 |
_aCIVIL ORALITY _952929 |
||
| 650 |
_aPRINCIPIE OF IMMEDIACY _952930 |
||
| 650 |
_aACTIVE ROLE OF THE JUDGE _952931 |
||
| 773 | 0 |
_022573 _922620 _dLima Grupo Praxis Formación Profesional, 2026- _oPRA001 _tPraxis Civil & Procesal Civil _wESSALUD _x3119-7671 |
|
| 942 |
_cARTICULOS _e2026-06-30 _zsqb |
||
| 999 |
_c22575 _d22575 |
||